| 000 | 00512 a2200169 4500 | ||
|---|---|---|---|
| 082 | _a621.4021JOH | ||
| 090 |
_c23601 _d23601 |
||
| 100 | _aJone, J B & Hawkins, G. A. | ||
| 245 |
_aEngineering Thermodynamics ; an introductory textbook, 2nd Ed _cJone, J B & Hawkins, G. A. |
||
| 250 | _a2 | ||
| 260 |
_aNew York _bJohn Wiley _c1986 |
||
| 300 |
_axx, 836 p. ; ill. ; Hb _bphotocopy |
||
| 500 | _aBE textbook Aerospace | ||
| 600 | _aHawkins, G. A. | ||
| 700 | _aHawkins, G. A. | ||
| 942 |
_aNUST-CAE _k621.4021JOH |
||
| 999 |
_c402790 _d402790 |
||